What game is it? - Statistics

General Stats
  • This quiz has been taken 22 times
  • The average score is 6 of 16
Answer Stats
Picture Answer % Correct
Minecraft
94%
Fortnite
76%
Subway Surfers
76%
Roblox
65%
Hollow Knight
59%
Genshin Impact
35%
League of Legends
35%
Stickman battle Fight Warriors
35%
Apex Legends
24%
Big Farm
18%
Goodgame Empire
18%
Tower Swap
18%
Counter-Strike 2
12%
Racing Limits
12%
Smash Karts
12%
Ragdoll Archers
6%
No matching quizzes found
Score Distribution
Percent of People with Each Score
Percentile by Number Answered
Your Score History
You have not taken this quiz